[Event "Wch U18 blitz"]
[Site "Terme Catez"]
[Date "2024.12.16"]
[Round "1"]
[White "Mochalov, Dmitriy"]
[Black "Kenbeilov, Timur"]
[Result "1-0"]
[WhiteElo "2121"]
[BlackElo "2298"]
[PlyCount "101"]
[EventDate "2024.12.16"]
[EventType "swiss (blitz)"]
[EventRounds "22"]
[EventCountry "SLO"]
[SourceTitle "CB51_2024"]
[SourceDate "2024.12.18"]
[SourceVersion "1"]
[SourceVersionDate "2024.12.18"]
[SourceQuality "1"]

1. Nf3 Nf6 2. c4 e6 3. b3 d5 4. e3 c5 5. Bb2 Nc6 6. Be2 dxc4 7. Bxc4 a6 8. 0-0 b5 9. Be2 Bb7 10. d4 Be7 11. Nbd2 0-0 12. Rc1 cxd4 13. Nxd4 Nxd4 14. Bxd4 Ba3 15. Rc2 Nd5 16. Bf3 Qe7 17. Ne4 Rac8 18. Be5 f6 19. Ba1 Rfd8 20. Rxc8 Rxc8 21. Qd2 Nb4 22. Qd6 Nd5 23. Qxe7 Nxe7 24. Nxf6+ gxf6 25. Bxb7 Rc2 26. Bxa6 Kf7 27. Bxb5 Rxa2 28. Bd3 h5 29. g3 Nd5 30. Bd4 e5 31. Ba1 Ke7 32. Be4 Nb4 33. Bc3 Na6 34. Ra1 Rxa1+ 35. Bxa1 Nc5 36. Bd5 Kd6 37. Bc4 Bb4 38. Bb2 f5 39. Kf1 e4 40. Ke2 Nb7 41. Bf7 Nc5 42. Bd4 Nd3 43. Bxh5 Nc1+ 44. Kf1 Nxb3 45. Bg6 Ke6 46. h4 Nd2+ 47. Ke2 Nf3 48. Bg7 Ne5 49. Be8 Nf7 50. h5 Ng5 51. Bg6 1-0

[Event "Wch U18 blitz"]
[Site "Terme Catez"]
[Date "2024.12.16"]
[Round "5"]
[White "Mochalov, Dmitriy"]
[Black "Kovalskyi, Roman"]
[Result "1-0"]
[WhiteElo "2121"]
[BlackElo "2213"]
[PlyCount "61"]
[EventDate "2024.12.16"]
[EventType "swiss (blitz)"]
[EventRounds "22"]
[EventCountry "SLO"]
[SourceTitle "CB51_2024"]
[SourceDate "2024.12.18"]
[SourceVersion "1"]
[SourceVersionDate "2024.12.18"]
[SourceQuality "1"]

1. Nf3 d5 2. c4 d4 3. e3 c5 4. b4 dxe3 5. fxe3 cxb4 6. d4 Nf6 7. a3 e6 8. Be2 Nc6 9. 0-0 b6 10. axb4 Bxb4 11. Ne5 Nxe5 12. Qa4+ Bd7 13. Qxb4 Nc6 14. Qe1 0-0 15. Nc3 Na5 16. e4 Bc6 17. d5 exd5 18. cxd5 Bb7 19. Bg5 Qd6 20. Bxf6 gxf6 21. Kh1 Rac8 22. Nb5 Qe5 23. Rf5 Qxe4 24. Nd6 Qc2 25. Nxc8 Rxc8 26. Bg4 Nb3 27. Rd1 Rc4 28. Rxf6 Rxg4 29. Qe6 Rg3 30. Qe8+ Kg7 31. Rxf7+ 1-0

[Event "Wch U18 blitz"]
[Site "Terme Catez"]
[Date "2024.12.16"]
[Round "12"]
[White "Pyrig, Roman"]
[Black "Mochalov, Dmitriy"]
[Result "1-0"]
[WhiteElo "2399"]
[BlackElo "2121"]
[PlyCount "33"]
[EventDate "2024.12.16"]
[EventType "swiss (blitz)"]
[EventRounds "22"]
[EventCountry "SLO"]
[SourceTitle "CB51_2024"]
[SourceDate "2024.12.18"]
[SourceVersion "1"]
[SourceVersionDate "2024.12.18"]
[SourceQuality "1"]

1. Nf3 Nf6 2. e3 e6 3. c4 b6 4. Nc3 Bb7 5. b3 Be7 6. Bb2 0-0 7. Be2 d5 8. cxd5 Nxd5 9. Qc2 Nd7 10. a3 a6 11. h4 b5 12. Ne4 c5 13. Neg5 g6 14. Nxh7 Kxh7 15. h5 Bf6 16. hxg6+ Kg8 17. g7 1-0

[Event "Wch U18 rapid"]
[Site "Terme Catez"]
[Date "2024.12.15"]
[Round "11"]
[White "Mochalov, Dmitriy"]
[Black "Khripachenko, Alexander"]
[Result "1/2-1/2"]
[WhiteElo "2121"]
[BlackElo "2400"]
[PlyCount "23"]
[EventDate "2024.12.14"]
[EventType "swiss (rapid)"]
[EventRounds "11"]
[EventCountry "SLO"]
[SourceTitle "CB51_2024"]
[SourceDate "2024.12.18"]
[SourceVersion "1"]
[SourceVersionDate "2024.12.18"]
[SourceQuality "1"]

1. Nf3 d5 2. c4 d4 3. e3 c5 4. b4 Nf6 5. a3 Nc6 6. b5 Na5 7. exd4 cxd4 8. d3 e6 9. g3 Be7 10. Bg2 Nd7 11. 0-0 0-0 12. Nbd2 1/2-1/2

[Event "Moscow op-A 20th"]
[Site "Moscow"]
[Date "2024.07.18"]
[Round "4"]
[White "Popov, Konstantin"]
[Black "Mochalov, Dmitriy"]
[Result "1-0"]
[WhiteElo "2386"]
[BlackElo "2098"]
[PlyCount "118"]
[EventDate "2024.07.16"]
[EventType "swiss"]
[EventRounds "9"]
[EventCountry "RUS"]
[SourceTitle "CBM 221 Extra"]
[Source "ChessBase"]
[SourceDate "2024.09.30"]
[SourceVersion "1"]
[SourceVersionDate "2024.09.30"]
[SourceQuality "1"]

1. e4 c5 2. Nf3 Nc6 3. Bb5 d6 4. 0-0 Bd7 5. Re1 Nf6 6. h3 Ne5 7. Bf1 Nxf3+ 8. Qxf3 e6 9. c3 Be7 10. d4 cxd4 11. cxd4 0-0 12. Nc3 Qb6 13. e5 dxe5 14. dxe5 Nd5 15. Nxd5 exd5 16. Qxd5 Bc5 17. Qf3 Be6 18. Be3 Rac8 19. b3 Bxe3 20. Qxe3 Qxe3 21. Rxe3 Rc2 22. b4 Rd8 23. a3 Rdd2 24. Rd3 Rxd3 25. Bxd3 Rc3 26. Be4 b6 27. Rd1 g5 28. Rd3 Rc1+ 29. Kh2 Re1 30. f3 Ra1 31. Kg3 Ra2 32. f4 gxf4+ 33. Kxf4 h6 34. g4 a5 35. bxa5 bxa5 36. Bf5 Bc4 37. Rc3 Bd5 38. Rc5 Rf2+ 39. Ke3 Rf3+ 40. Ke2 Bb7 41. Rc7 Rb3 42. e6 Rb2+ 43. Ke3 fxe6 44. Bxe6+ Kf8 45. Rf7+ Ke8 46. Rh7 Bg2 47. Rxh6 Ke7 48. g5 Rc2 49. Bf5 Rc3+ 50. Kf4 Rxa3 51. Rh7+ Kd6 52. g6 Rf3+ 53. Kg5 Rg3+ 54. Bg4 a4 55. Rd7+ Kc6 56. g7 Bxh3 57. Rd4 Rxg4+ 58. Rxg4 Bxg4 59. Kxg4 Kd5 1-0

[Event "St Petersburg Korchnoi Memorial op"]
[Site "St Petersburg"]
[Date "2023.08.19"]
[Round "2"]
[White "Mochalov, Dmitriy"]
[Black "Oorzhak, Aldar"]
[Result "1-0"]
[WhiteElo "2085"]
[BlackElo "1814"]
[PlyCount "120"]
[EventDate "2023.08.18"]
[EventType "swiss"]
[EventRounds "9"]
[EventCountry "RUS"]
[SourceTitle "CBM 216 Extra"]
[Source "ChessBase"]
[SourceDate "2023.11.30"]
[SourceVersion "1"]
[SourceVersionDate "2023.11.30"]
[SourceQuality "1"]

1. e4 c5 2. Nf3 d6 3. Bb5+ Bd7 4. Bxd7+ Qxd7 5. 0-0 Nc6 6. c3 d5 7. exd5 Qxd5 8. d4 0-0-0 9. Qa4 Kb8 10. c4 Qf5 11. d5 Ne5 12. Nxe5 Qxe5 13. Qa5 b6 14. Qc3 Qxc3 15. Nxc3 Nf6 16. Bf4+ Kb7 17. Rfe1 Rd7 18. Re2 Rg8 19. Rae1 g5 20. Bc1 h6 21. b3 Ne8 22. Ne4 Rg6 23. f4 gxf4 24. Bxf4 e6 25. dxe6 Rxe6 26. Nc3 Rxe2 27. Rxe2 Nc7 28. Kf2 Bg7 29. Be5 Bxe5 30. Rxe5 Rd2+ 31. Re2 Rxe2+ 32. Kxe2 Kc6 33. Kf3 b5 34. Ke4 bxc4 35. bxc4 Ne8 36. Kd3 Nd6 37. Ne4 Nf5 38. g4 Nh4 39. Ng3 Ng6 40. Ke4 f6 41. Nf5 Ne5 42. Nxh6 Nxc4 43. Ng8 Nd6+ 44. Kd3 f5 45. Ne7+ Kb5 46. Nxf5 c4+ 47. Kc2 Ne4 48. h4 Kc6 49. h5 Kd7 50. h6 Ng5 51. Kc3 Ke6 52. Kxc4 Kf7 53. a4 Kg6 54. a5 Ne4 55. Kb5 Nf6 56. Ka6 Nxg4 57. Kxa7 Nf6 58. Nd6 Nd7 59. Ne4 Ne5 60. Kb7 Nf7 1-0

[Event "Cheliabinsk Panchenko Memorial op-A"]
[Site "Cheliabinsk"]
[Date "2022.09.19"]
[Round "8"]
[White "Kirillov, Dmitry1"]
[Black "Mochalov, Dmitriy"]
[Result "1/2-1/2"]
[WhiteElo "2200"]
[BlackElo "2001"]
[PlyCount "66"]
[EventDate "2022.09.12"]
[EventType "swiss"]
[EventRounds "10"]
[EventCountry "RUS"]
[SourceTitle "CBM 210 Extra"]
[Source "ChessBase"]
[SourceDate "2022.11.30"]
[SourceVersion "1"]
[SourceVersionDate "2022.11.30"]
[SourceQuality "1"]

1. e4 c5 2. Nf3 Nc6 3. d4 cxd4 4. Nxd4 Qb6 5. Nb3 Nf6 6. Nc3 e6 7. a3 a6 8. Be3 Qc7 9. f4 d6 10. g4 h6 11. Be2 Be7 12. Qd2 b5 13. 0-0-0 Nd7 14. Bxb5 axb5 15. Nxb5 Qb8 16. Nxd6+ Bxd6 17. Qxd6 Qxd6 18. Rxd6 Bb7 19. Rhd1 0-0-0 20. e5 g5 21. Nd4 Ne7 22. fxg5 Nxe5 23. Nb5 Bd5 24. Rxd8+ Rxd8 25. gxh6 Nxg4 26. Bb6 Rh8 27. Nd6+ Kb8 28. Nxf7 Rh7 29. Nd6 Rxh6 30. Rf1 Rh8 31. Rf7 Nc8 32. Bc7+ Ka8 33. Nb5 Nh6 1/2-1/2

[Event "Moscow op-A 16th"]
[Site "Moscow"]
[Date "2020.02.01"]
[Round "8"]
[White "Volkov, Igor1"]
[Black "Mochalov, Dmitriy"]
[Result "1-0"]
[WhiteElo "2149"]
[BlackElo "1820"]
[PlyCount "81"]
[EventDate "2020.01.25"]
[EventType "swiss"]
[EventRounds "9"]
[EventCountry "RUS"]
[SourceTitle "CBM 194 Extra"]
[Source "ChessBase"]
[SourceDate "2020.03.31"]
[SourceVersion "1"]
[SourceVersionDate "2020.03.31"]
[SourceQuality "1"]

1. e4 c5 2. Nf3 Nc6 3. Nc3 g6 4. d4 cxd4 5. Nxd4 Bg7 6. Be3 Nf6 7. Bc4 0-0 8. Bb3 d6 9. f3 Bd7 10. Qd2 Rc8 11. 0-0-0 Ne5 12. Kb1 Nc4 13. Bxc4 Rxc4 14. h4 Qc7 15. h5 Rc8 16. hxg6 fxg6 17. Nde2 b5 18. e5 b4 19. exf6 bxc3 20. Qd5+ e6 21. Qxd6 Bxf6 22. Qxd7 Qxd7 23. Rxd7 cxb2 24. Bd4 e5 25. Bxb2 Rb8 26. c3 Rc6 27. Kc2 Ra6 28. a3 e4 29. fxe4 Re6 30. Bc1 Rxe4 31. Kd3 Rg4 32. Rhxh7 Rxg2 33. Be3 Re8 34. Bd4 Bxd4 35. Nxd4 Rg3+ 36. Kc4 Rc8+ 37. Kd5 Rg5+ 38. Kd6 Re8 39. Rdg7+ Kf8 40. Ne6+ Rxe6+ 41. Kxe6 1-0

[Event "Moscow op-A 16th"]
[Site "Moscow"]
[Date "2020.01.30"]
[Round "6"]
[White "Shagdurov, Denis"]
[Black "Mochalov, Dmitriy"]
[Result "0-1"]
[WhiteElo "2144"]
[BlackElo "1820"]
[PlyCount "58"]
[EventDate "2020.01.25"]
[EventType "swiss"]
[EventRounds "9"]
[EventCountry "RUS"]
[SourceTitle "CBM 194 Extra"]
[Source "ChessBase"]
[SourceDate "2020.03.31"]
[SourceVersion "1"]
[SourceVersionDate "2020.03.31"]
[SourceQuality "1"]

1. e4 c5 2. b3 Nc6 3. Bb2 e6 4. Nc3 Nf6 5. f4 d6 6. Nf3 Be7 7. Qe2 0-0 8. 0-0-0 a6 9. e5 Nd5 10. Qe4 f5 11. exf6 Nxf6 12. Qe1 b5 13. g3 d5 14. Bh3 Qd6 15. d4 c4 16. bxc4 bxc4 17. Ng5 Nd8 18. Na4 h6 19. Nf3 Rb8 20. Nc5 Qb6 21. Qc3 Nb7 22. Na4 Qb5 23. Nc5 Bxc5 24. dxc5 Nxc5 25. Nd4 Qb6 26. Qa3 Na4 27. Ba1 Ne4 28. Nb3 cxb3 29. axb3 Qe3+ 0-1

[Event "Moscow op-A 16th"]
[Site "Moscow"]
[Date "2020.01.27"]
[Round "3"]
[White "Mochalov, Dmitriy"]
[Black "Eynullayev, Altay Elshan"]
[Result "0-1"]
[WhiteElo "1820"]
[BlackElo "2269"]
[PlyCount "136"]
[EventDate "2020.01.25"]
[EventType "swiss"]
[EventRounds "9"]
[EventCountry "RUS"]
[SourceTitle "CBM 194 Extra"]
[Source "ChessBase"]
[SourceDate "2020.03.31"]
[SourceVersion "1"]
[SourceVersionDate "2020.03.31"]
[SourceQuality "1"]

1. e4 c5 2. Nf3 d6 3. Bb5+ Nc6 4. 0-0 Bd7 5. c3 Nf6 6. Re1 a6 7. Ba4 b5 8. Bc2 Bg4 9. d3 e6 10. h3 Bh5 11. Bf4 Be7 12. Nbd2 0-0 13. Nf1 Rc8 14. Ng3 Bxf3 15. Qxf3 b4 16. Ne2 Nd7 17. Ng3 Nde5 18. Qe2 Ng6 19. Bd2 Bg5 20. Ba4 Nf4 21. Bxf4 Bxf4 22. Nh5 Bg5 23. Bxc6 Rxc6 24. f4 Bh6 25. Qf3 g6 26. e5 Rc7 27. Nf6+ Kh8 28. d4 Bg7 29. Ne4 cxd4 30. cxd4 dxe5 31. dxe5 Qd4+ 32. Qf2 Qxf2+ 33. Kxf2 f6 34. exf6 Bxf6 35. Nxf6 Rxf6 36. Kf3 Rc2 37. b3 g5 38. g3 Rh2 39. Re4 gxf4 40. Rxf4 Rxf4+ 41. Kxf4 Rf2+ 42. Ke4 a5 43. Ke3 Rh2 44. h4 Kg7 45. Ke4 Re2+ 46. Kf3 Rb2 47. Ke4 Kf6 48. Kf4 Rf2+ 49. Ke3 Rg2 50. Kf3 Rd2 51. Ke3 Rc2 52. Kf4 e5+ 53. Ke4 Ke6 54. g4 Rf2 55. Ke3 Rh2 56. h5 Rh3+ 57. Ke4 Rg3 58. a3 Rxg4+ 59. Kf3 Rh4 60. axb4 axb4 61. Ra6+ Kf5 62. Kg3 Rxh5 63. Rb6 Rg5+ 64. Kf3 Rg4 65. Rh6 e4+ 66. Kf2 Rf4+ 67. Ke2 Rf3 68. Rxh7 Rxb3 0-1

[Event "Wch U12 rapid"]
[Site "Minsk"]
[Date "2019.08.16"]
[Round "2"]
[White "Sadekov, Maksim"]
[Black "Mochalov, Dmitriy"]
[Result "0-1"]
[WhiteElo "1558"]
[BlackElo "1852"]
[PlyCount "72"]
[EventDate "2019.08.16"]
[EventType "swiss (rapid)"]
[EventRounds "9"]
[EventCountry "BLR"]
[SourceTitle "CBM 191 Extra"]
[Source "ChessBase"]
[SourceDate "2019.09.30"]
[SourceVersion "1"]
[SourceVersionDate "2019.09.30"]
[SourceQuality "1"]

1. d4 Nf6 2. c4 g6 3. Nc3 Bg7 4. e4 d6 5. Bg5 0-0 6. Be2 Nbd7 7. Qd2 e5 8. d5 Nc5 9. f3 a5 10. g4 h6 11. Bxh6 Nfxe4 12. Bxg7 Nxd2 13. Bxf8 Nxf3+ 14. Nxf3 Qxf8 15. Nd2 Qh6 16. 0-0-0 a4 17. h4 Qe3 18. Kc2 a3 19. b3 Bxg4 20. Nf1 Bf5+ 21. Bd3 Bxd3+ 22. Rxd3 Qxd3+ 23. Kc1 Qxc3+ 24. Kd1 Qa1+ 25. Ke2 Qxa2+ 26. Kf3 Qxb3+ 27. Kg4 Qxc4+ 28. Kg3 Ne4+ 29. Kf3 Qxf1+ 30. Rxf1 Nd2+ 31. Ke2 Nxf1 32. Kxf1 a2 33. Kf2 a1Q 34. h5 Ra3 35. hxg6 Qb2+ 36. Ke1 Ra1# 0-1